000 00832nam a22002417a 4500
003 UA-OsUOA
001 50390
007 ta
008 20140605b un ||||| |||| 00| 0 ukr d
100 _aХмель С.
090 _a94(477).09
_bХ65
942 _cBK
040 _aUA-OsUOA
_bukr
_cUA-OsUOA
_dUA-OsUOA
245 _aУкраїнська партизанка (З крайових матеріялів)
300 _a274 с.
955 _a4
041 _aukr
080 _a94(477).09
260 _bВидання Закорд. Частин Організації Українських Націоналістів
_c1959
650 7 _a9 Географія. Біографії. Історія
_2UDC
999 _c430516
_d430516